Модель золотника для управления пневмогидравлическим ударным узлом; Проблемы механики современных машин; Т. 2
| Parent link: | Проблемы механики современных машин: материалы VI Международной конференции, Улан-Удэ, 29 июня-04 июля 2015 г./ Восточно-Сибирский государственный университет технологий и управления (ВСГУТУ) [и др.] ; отв. ред. В. С. Балбаров.— , 2015 Т. 2.— 2015.— [С. 62-67] |
|---|---|
| Auteur principal: | |
| Collectivité auteur: | |
| Autres auteurs: | |
| Résumé: | Заглавие с экрана В работе представлена принципиальная схема и математическая модель золотника пневмогидравлического ударного узла. Проведен подробный анализ математической модели с целью возможности создания режимов движения способствующих улучшению работы пневмогидравлического ударного узла в точках его переключения. The paper presents schematic diagram and the mathematical model of theslide valve of thepneumoh2draulicimpact unit. Detailed anal2sis of the mathematical model 0as made for the purpose of the possibilit2 of creating modesof the movementconducive to improving the 0ork ofpneumoh2draulicimpact unit at the point of s0itching. Режим доступа: по договору с организацией-держателем ресурса |
| Langue: | russe |
| Publié: |
2015
|
| Sujets: | |
| Accès en ligne: | http://esstu.ru/library/free/Konf/Mech2_2015/1_Дерюшева_Крауиньш.pdf http://elibrary.ru/item.asp?id=24322054 |
| Format: | Électronique Chapitre de livre |
| KOHA link: | https://koha.lib.tpu.ru/cgi-bin/koha/opac-detail.pl?biblionumber=645569 |
MARC
| LEADER | 00000naa0a2200000 4500 | ||
|---|---|---|---|
| 001 | 645569 | ||
| 005 | 20250610121058.0 | ||
| 035 | |a (RuTPU)RU\TPU\network\10660 | ||
| 035 | |a RU\TPU\network\10584 | ||
| 090 | |a 645569 | ||
| 100 | |a 20160113d2015 k y0rusy50 ca | ||
| 101 | 0 | |a rus | |
| 102 | |a RU | ||
| 135 | |a drcn ---uucaa | ||
| 181 | 0 | |a i | |
| 182 | 0 | |a b | |
| 200 | 1 | |a Модель золотника для управления пневмогидравлическим ударным узлом |d Model of the slide valve pneumohydraulic impact unit |f В. Н. Дерюшева, П. Я. Крауиньш | |
| 203 | |a Текст |c электронный | ||
| 300 | |a Заглавие с экрана | ||
| 320 | |a [Библиогр.: с. 65-66 (8 назв.)] | ||
| 330 | |a В работе представлена принципиальная схема и математическая модель золотника пневмогидравлического ударного узла. Проведен подробный анализ математической модели с целью возможности создания режимов движения способствующих улучшению работы пневмогидравлического ударного узла в точках его переключения. | ||
| 330 | |a The paper presents schematic diagram and the mathematical model of theslide valve of thepneumoh2draulicimpact unit. Detailed anal2sis of the mathematical model 0as made for the purpose of the possibilit2 of creating modesof the movementconducive to improving the 0ork ofpneumoh2draulicimpact unit at the point of s0itching. | ||
| 333 | |a Режим доступа: по договору с организацией-держателем ресурса | ||
| 461 | |t Проблемы механики современных машин |o материалы VI Международной конференции, Улан-Удэ, 29 июня-04 июля 2015 г. |f Восточно-Сибирский государственный университет технологий и управления (ВСГУТУ) [и др.] ; отв. ред. В. С. Балбаров |d 2015 | ||
| 463 | |t Т. 2 |v [С. 62-67] |d 2015 | ||
| 510 | 1 | |a Model of the slide valve pneumohydraulic impact unit |z eng | |
| 610 | 1 | |a электронный ресурс | |
| 610 | 1 | |a труды учёных ТПУ | |
| 610 | 1 | |a золотники | |
| 610 | 1 | |a пневмогидравлические ударные устройства | |
| 610 | 1 | |a ударные импульсы | |
| 700 | 1 | |a Дерюшева |b В. Н. |c специалист в области машиностроения |c доцент Томского политехнического университета, кандидат технических наук |f 1982- |g Валентина Николаевна |3 (RuTPU)RU\TPU\pers\25817 |9 11690 | |
| 701 | 1 | |a Крауиньш |b П. Я. |c специалист в области машиностроения |c профессор Томского политехнического университета, доктор технических наук |f 1939- |g Петр Янович |3 (RuTPU)RU\TPU\pers\21970 | |
| 712 | 0 | 2 | |a Национальный исследовательский Томский политехнический университет (ТПУ) |b Институт кибернетики (ИК) |b Кафедра автоматизации и роботизации в машиностроении (АРМ) |3 (RuTPU)RU\TPU\col\18704 |
| 801 | 1 | |a RU |b 63413507 |c 20141010 | |
| 801 | 2 | |a RU |b 63413507 |c 20200828 |g RCR | |
| 850 | |a 63413507 | ||
| 856 | 4 | |u http://esstu.ru/library/free/Konf/Mech2_2015/1_Дерюшева_Крауиньш.pdf | |
| 856 | 4 | |u http://elibrary.ru/item.asp?id=24322054 | |
| 942 | |c CF | ||